000 00368pab a2200145 454500
008 180718b1987 xxu||||| |||| 00| 0 eng d
100 _aSrinivasan, M.R.
245 _aTechnology
_bThe crucial strategic variable in national development
260 _c1987
300 _a3-7
362 _aJune
650 _aTechnology
773 _aIndian Management
909 _a19140
999 _c19140
_d19140